Dyscypliny Zimowych Igrzysk Olimpijskich 2026 - Statystyki

Ogólne statystyki
  • Ten quiz został rozwiązany 51 razy
  • Średni wynik to 11 z 16
Statystyki odpowiedzi
Sport % Poprawnych
Skoki narciarskie
100%
Łyżwiarstwo szybkie
92%
Łyżwiarstwo figurowe
89%
Biegi narciarskie
86%
Narciarstwo alpejskie
84%
Saneczkarstwo
84%
Snowboarding
84%
Curling
81%
Bobslej
78%
Hokej na lodzie
73%
Short track
59%
Biathlon
57%
Skeleton
57%
Kombinacja norweska
54%
Narciarstwo dowolne
41%
Skialpinizm
30%
Nie znaleziono quizów pasujących do podanych kryteriów
Rozkład punktacji
Procent ludzi z każdym wynikiem
Percentyl według liczby udzielonych odpowiedzi
Twoja historia wyników
Nie rozwiązałeś tego quizu